| 000 | 00307nam a22001097a 4500 | ||
|---|---|---|---|
| 082 | _a004.16 GAO'M | ||
| 100 |
_aGAONKAR, RAMESH S _964658 |
||
| 245 | _aMICROPROCESSOR ARCHITECTURE PROGRAMMING AND APPLICATIONS WITH THE 8085 8080 A | ||
| 260 |
_aNEWDELHI _bWILEY EASTERN _c1986 |
||
| 300 | _a656P | ||
| 942 | _cBK | ||
| 999 |
_c574380 _d574380 |
||